| 000 | 00808cam a22001695a 4500 | ||
|---|---|---|---|
| 001 | L156821 | ||
| 008 | 120717s1787 xxk f 000 0 eng d | ||
| 035 | _a(Sirsi) u156821 | ||
| 041 | 0 | _aeng | |
| 110 | 2 |
_aChristie and Co _91921 |
|
| 245 | 0 | 2 | _aA catalogue of all the rich and elegant household furniture, capital collection of pictures, by old and modern masters, ... the property of the late Earl Ferrers, deceased, at his Lordship's late seat at Staunton Harold, near Ashby-de-la-Zouch, int he county of Leicester. Which will be sold by auction by Mr Christie, on the premises on Monday, June 25, 1787 and the seven following days, Sunday excepted ... |
| 260 |
_a[S.l.] _b[s.n.] _c[1787] |
||
| 300 |
_a[90 p.] _c26 cm. |
||
| 651 | 4 |
_aGreat Britain _y1707- |
|
| 690 |
_aAuctioneering _96218 |
||
| 942 | _n0 | ||
| 999 |
_c114437 _d114437 |
||